| Record ID | marc_records_scriblio_net/part09.dat:144267819:579 |
| Source | Scriblio |
| Download Link | /show-records/marc_records_scriblio_net/part09.dat:144267819:579?format=raw |
LEADER: 00579cam 2200193 i 4500
001 76451668 //r82
003 DLC
005 19820721000000.0
008 760213s1975 fr f00010 fre
010 $a 76451668 //r82
015 $aF***
050 0 $aLAW
100 10 $aAncel, Marc.
245 13 $aLe divorce à l'étranger /$cpar Marc Ancel.
260 0 $aParis :$bDocumentation française,$cc1975.
300 $a198 p. ;$c24 cm.
490 0 $aCollection-Ministère de la justice
500 $aAt head of title: Centre français de droit comparé.
650 0 $aDivorce$xLaw and legislation.